Skład PSG w Ligue One w sezonie 2024/25 - Statystyki

Ogólne statystyki
  • Ten quiz został rozwiązany 40 razy
  • Średni wynik to 11 z 34
Statystyki odpowiedzi
Numer Zawodnik % Poprawnych
1 Gianluigi Donnarumma
100%
10 Ousmane Dembélé
89%
29 Bradley Barcola
71%
25 Nuno Mendes
68%
5 Marquinhos
64%
17 Vitinha
64%
2 Achraf Hakimi
61%
9 Gonçalo Ramos
57%
87 João Neves
50%
8 Fabián Ruiz
46%
51 Willian Pacho
46%
3 Presnel Kimpembe
43%
33 Warren Zaire-Emery
43%
21 Lucas Hernández
36%
39 Matvey Safonov
36%
23 Randal Kolo Muani
32%
35 Lucas Beraldo
21%
24 Senny Mayulu
21%
28 Carlos Soler
18%
15 Danilo Pereira
18%
19 Kang-In Lee
18%
11 Marco Asensio
18%
80 Arnau Tenas
14%
4 Manuel Ugarte
14%
26 Nordi Mukiele
11%
37 Milan Škriniar
7%
- Colin Dagba
4%
20 Gabriel Moscardo
4%
- Ismaël Gharbi
4%
- Juan Bernat
4%
42 Yoram Zague
4%
44 Ayman Kari
0%
- Ilyes Housni
0%
70 Lucas Lavallee
0%
Nie znaleziono quizów pasujących do podanych kryteriów
Rozkład punktacji
Procent ludzi z każdym wynikiem
Percentyl według liczby udzielonych odpowiedzi
Twoja historia wyników
Nie rozwiązałeś tego quizu